Kluby w których grał Sadio Mane - Statystyki

Ogólne statystyki
  • Ten quiz został rozwiązany 15 razy
  • Średni wynik to 4 z 6
Statystyki odpowiedzi
lata w klubie Klub % Poprawnych
2023= AL Nassr
100%
2016-2022 Liverpool
100%
2022-2023 Bayern Monachium
93%
2014-2016 Southampton
53%
2010-2012 Fc Metz
27%
2012-2014 RB Salzburg
13%
Nie znaleziono quizów pasujących do podanych kryteriów
Rozkład punktacji
Procent ludzi z każdym wynikiem
Percentyl według liczby udzielonych odpowiedzi
Twoja historia wyników
Nie rozwiązałeś tego quizu